| 000 | 00952nam a22003017a 4500 | ||
|---|---|---|---|
| 003 | CHAP | ||
| 005 | 20220329140022.0 | ||
| 008 | 971013s1986 r 00010 d | ||
| 010 | _a45655 | ||
| 011 | _a46627 | ||
| 035 | _a50768 | ||
| 040 | _cCHAP | ||
| 082 |
_a633.18 _bR45 |
||
| 100 | 0 | 0 |
_aReissig, W. H. _995801 |
| 245 | _aIllustrated guide to integrated pest management in rice in tropical Asia | ||
| 260 |
_aLos BaƱos : _bInternactional Rice Research Institute, _c1986 |
||
| 300 |
_a411 p. _b: ilus. |
||
| 590 |
_aBATCH-UPD _b10 _c20130110 _lUCH01 _h0004 |
||
| 590 |
_aBATCH-UPD _b10 _c20130110 _lUCH01 _h0920 |
||
| 590 |
_aCONVERSION _b10 _c20130109 _lUCH01 _h1325 |
||
| 650 | 1 | 4 |
_aArroz _xAsia. _97561 |
| 650 | 1 | 4 |
_aArroz _xEnfermedades. _97600 |
| 650 | 1 | 4 |
_aArroz _xMalas hierbas. _97629 |
| 650 | 1 | 4 |
_aArroz _xPlagas. _97643 |
| 901 | _aBK | ||
| 942 | _cLIBRO | ||
| 949 |
_a633.18 R45 _bBC _cC _d33724000654380 _eC _gI. 133031 _h69051 _i50768 _si _t82.00 |
||
| 999 |
_c45655 _d45655 |
||